| 000 | 01114pam a2200349 i 4500 | ||
|---|---|---|---|
| 001 | 016520373 | ||
| 003 | Uk | ||
| 005 | 20230411164527.0 | ||
| 008 | 130902s2014 enk 000 1 eng d | ||
| 015 |
_aGBB394537 _2bnb |
||
| 020 | _a9780141392035 (paperback) | ||
| 020 |
_z9780718196028 (ebook) : _cNo price |
||
| 040 |
_aStDuBDS _beng _cStDuBDS _erda _dUk |
||
| 041 | 1 |
_aeng _hpor |
|
| 042 | _aukblsr | ||
| 082 | 0 | 4 |
_a813.54 _223 |
| 100 | 1 |
_aLispector, Clarice, _eauthor. |
|
| 240 | 1 | 0 |
_aHora da estrela. _lEnglish. |
| 245 | 1 | 4 |
_aThe hour of the star / _cClarice Lispector ; translated by from the Portuguese by Benjamin Moser ; introduction by Colm Tóibín. |
| 264 | 1 |
_aLondon : _bPenguin Books, _c2014. |
|
| 300 |
_axiv, 81 pages ; _c20 cm. |
||
| 336 |
_atext _2rdacontent. |
||
| 337 |
_aunmediated _2rdamedia. |
||
| 338 |
_avolume _2rdacarrier. |
||
| 490 | 0 | _aModern classics. | |
| 500 |
_aFormerly CIP. _5Uk. |
||
| 530 | _aAlso issued online. | ||
| 651 | 0 |
_aRio de Janeiro (Brazil) _vFiction. |
|
| 700 | 1 |
_aMoser, Benjamin, _etranslator. |
|
| 942 |
_2ddc _cFIC |
||
| 999 |
_c9551 _d9552 |
||